00376 a2200097 4500001001000000005001700010008004100027245012800068100002700196773005500223ART_5193020260410161758.0260409a 10aImpuestos a las ganancias. Intereses de cauciones y cheques de pago diferido negociados en la bolsa a partir del año 20191 aSchwartzman, Daniel M.0 tDoctrina tributariag- N°489 (dic. 2020)wREV4296